000 nam a22 7a 4500
999 _c10534
_d10534
008 180219b ||||| |||| 00| 0 eng d
100 _aGoyal
_96442
245 _aSocial Studies for Juniors-5
260 _aNew Delhi
_bGoyal